000 00507nam a2200181Ia 4500
005 20250923144337.0
008 008 250917s9999 xx 000 0 eng d
037 _aTextual
040 _aDSWL
_beng
_cDSWL
041 _aeng
_2eng
084 _aWk, J0
_qDSWL
100 _aTheimer, W.
_9823885
245 0 _aEncyclopaedia of world politics
_cby W. Theimer
260 _aLondon
_bFaber and Faber
_c1950
300 _a471 p.
942 _cTEXL
_hWk, J0
999 _c1437688
_d1437688